000
00224nam a22000857a 4500
008
160810b xxu||||| |||| 00| 0 eng d
100
_9
101
_a
Sriraman P
245
_a
Social Science-VI
260
_a
New Delhi
_b
Srijan publication
_c
2010
999
_c
2754
_d
2754